| 000 | 01283nam0a2200373 4500 | ||
|---|---|---|---|
| 001 | RU\NLR\bibl\957728 | ||
| 005 | 20250614203302.0 | ||
| 010 |
_a5-09-014971-2 _bВ пер. _910000 |
||
| 021 |
_aRU _b2006-22791 _91134 |
||
| 035 | _a(nilc)RSL-KNO-002875030 | ||
| 035 | _a(NLR Aleph) 000945785 | ||
| 090 |
_a248421 _c248421 |
||
| 100 | _a20060505d2006 |||y0rusy50 ca | ||
| 101 | 0 | _arus | |
| 102 | _aRU | ||
| 105 | _ay ||||||||| | ||
| 106 | _ar | ||
| 200 | 1 |
_aТворения российских мастеров _e[для учащихся мл. кл.] _fТ. Я. Шпикалова |
|
| 210 |
_aМосква _cПросвещение _d2006 _eСмоленск _gСмоленский полиграфкомбинат |
||
| 215 |
_a95 с. _cцв. ил. _d27 |
||
| 225 | 1 | _aЯ живу в России! | |
| 300 | _aНа обл. авт. не указан | ||
| 610 | 0 | _aДетская литература | |
| 686 |
_aШ9:Щ103(2Р=Р)(2) _2rubbk |
||
| 686 |
_aШ9 _bЩ |
||
| 700 | 1 |
_aШпикалова _bТ. Я. _gТамара Яковлевна _4070 |
|
| 801 | 0 |
_aRU _bРКП _c20060505 _grcr |
|
| 801 | 1 |
_aRU _bРГБ _c20060505 |
|
| 801 | 2 |
_aRU _bNLR _c20060607 _grcr |
|
| 830 | _aавт. по кн. | ||
| 942 | _cBOOK | ||
| 980 | _aNB | ||